[Event "Sautron op 14th"]
[Site "Sautron"]
[Date "2014.10.25"]
[Round "6"]
[White "Maiorov, Nikita"]
[Black "Shirazi, Kamran"]
[Result "1-0"]
[WhiteElo "2583"]
[BlackElo "2367"]
[Annotator "RR"]
[PlyCount "69"]
[EventDate "2014.10.26"]
[EventType "swiss"]
[EventRounds "9"]
[EventCountry "FRA"]
[SourceTitle "EXT 2015"]
[Source "ChessBase"]
[SourceDate "2014.11.20"]
[SourceVersion "1"]
[SourceVersionDate "2014.11.20"]
[SourceQuality "1"]
[TimeControl "40/5400+30:1800+30"]
[WhiteClock "0:13:11"]
[BlackClock "0:22:08"]

1. d4 {[%emt 0:00:00]} e6 {[%emt 0:00:00]} 2. c4 {[%emt 0:00:06]} b6 {[%emt 0:
00:00] Une variante qui n'a pas très bonne réputation théorique} (2... Bb4+)
3. Nc3 {[%emt 0:00:40]} Bb7 {[%emt 0:00:05]} 4. e3 {[%emt 0:02:07]} f5 {
[%emt 0:01:04] Très risqué mais le MI veut pêcher en eaux troubles} (4...
Nf6 5. Nf3 Be7 6. Bd3 c5 7. O-O cxd4 8. Nxd4 O-O 9. b3 Na6 10. Bb2 Nc5 11. Bc2
Qb8 12. Nde2 a5 13. Qd4 h6 14. Ng3 Rd8 15. Rad1 d6 16. e4 h5 17. Rfe1 h4 18.
Nf1 Nh5 19. Qe3 Bf6 20. Qf3 g6 21. g4 hxg3 22. Nxg3 Nxg3 23. Qxf6 Nh5 24. Qg5
e5 25. Nd5 Ne6 26. Nf6+ Nxf6 27. Qxf6 Nf4 28. Re3 Qc8 29. Rxd6 Rxd6 30. Qxd6
Qg4+ 31. Kf1 Qg2+ 32. Ke1 Qg1+ 33. Kd2 Qxf2+ 34. Kd1 {Schleining,Z (2377)-Graf,
F (2481) Saarbruecken 2013 0-1}) 5. f3 {[%emt 0:11:09]} Qh4+ $5 $146 {[%emt 0:
10:17]} (5... Nf6 6. Bd3 g6 7. Nge2 Bg7 8. O-O O-O 9. e4 fxe4 10. fxe4 c5 11.
Bg5 cxd4 12. Nxd4 Nc6 13. Nxc6 dxc6 14. Qe2 c5 15. Rad1 Qd4+ 16. Kh1 Qe5 17.
Bf4 Qh5 18. Bd6 Ng4 19. h3 Rxf1+ 20. Rxf1 Rd8 21. Bf4 Nf6 22. Qe3 e5 23. Bh2
Bh6 24. Qf3 Bg7 25. Nd5 Qxf3 26. Rxf3 Bxd5 27. cxd5 Ne8 28. Kg1 Nd6 29. Kf1 c4
30. Bb1 Rc8 31. a4 a6 32. Bg1 b5 33. axb5 axb5 34. Ra3 Bf8 35. Bh2 {Olivares,F
(2305)-Alvarez Pedraza,A (2486) Havana 2014 1/2-1/2}) 6. g3 {[%emt 0:00:17]}
Qh5 {[%emt 0:00:44]} 7. Bg2 {[%emt 0:00:34]} Bb4 {[%emt 0:00:22]} 8. Bd2 {
[%emt 0:00:29]} Nf6 {[%emt 0:00:16]} 9. Nh3 $1 {[%emt 0:01:12][%cal Gh3f4,
Gf4h5]} Bxc3 {[%emt 0:01:53]} 10. Bxc3 {[%emt 0:00:29]} d6 {[%emt 0:01:00]
[%cal Ge6e5]} 11. Nf4 $14 {[%emt 0:04:45]} Qf7 {[%emt 0:00:05]} 12. Qe2 $1 {
[%emt 0:06:01][%cal Ge3e4]} Nbd7 {[%emt 0:03:22]} 13. e4 {[%emt 0:01:42]} fxe4
{[%emt 0:01:01]} 14. fxe4 {[%emt 0:00:08][%cal Ge4e5]} e5 {[%emt 0:00:07]} 15.
Nd5 {[%emt 0:00:15]} exd4 {[%emt 0:08:17]} 16. Bxd4 {[%emt 0:02:13]} O-O-O {
[%emt 0:03:22]} 17. O-O $13 {[%emt 0:01:23][%csl Re4]} Ne5 $6 {[%emt 0:02:09]
Un coup naturel mais le GMI va trouver immédiatement la réfutation} (17...
Kb8) 18. c5 $1 {[%emt 0:07:08]} Rhe8 {[%emt 0:08:21]} (18... bxc5 19. Bxe5 $36)
19. cxb6 {[%emt 0:05:07]} cxb6 {[%emt 0:01:34]} 20. a4 {[%emt 0:04:18]} Nc6 {
[%emt 0:02:10][%csl Ga5] Trop lent} (20... Bxd5 {Un moindre mal mais jouer
sans le B ne peut que retarder l'échéance.} 21. exd5 Kb8 22. Qb5 (22. a5 Nc6)
22... Qd7) 21. Bxf6 {[%emt 0:02:50]} gxf6 {[%emt 0:00:43]} 22. Nxf6 {[%emt 0:
01:12]} Re5 {[%emt 0:06:43]} 23. Bh3+ {[%emt 0:09:56]} Kc7 {[%emt 0:05:15]} 24.
b4 $1 {[%emt 0:10:40]} Nxb4 {[%emt 0:03:58]} 25. Rac1+ $40 {[%emt 0:07:54]} Kb8
{[%emt 0:11:11]} 26. Nd7+ {[%emt 0:02:05]} Rxd7 {[%emt 0:00:02]} 27. Rxf7 {
[%emt 0:00:11]} Rxf7 {[%emt 0:00:03]} 28. Qd2 {[%emt 0:00:20]} Rc5 {[%emt 0:01:
58]} 29. Rxc5 {[%emt 0:01:21]} bxc5 {[%emt 0:00:09]} 30. Qxd6+ {[%emt 0:00:05]}
Rc7 {[%emt 0:00:07]} 31. e5 {[%emt 0:00:30]} Be4 {[%emt 0:05:03]} 32. Bd7 {
[%emt 0:04:15]} Nd3 {[%emt 0:01:53]} 33. e6 {[%emt 0:00:19]} c4 {[%emt 0:01:20]
} 34. e7 {[%emt 0:00:08]} Bg6 {[%emt 0:00:18]} 35. Bf5 {[%emt 0:02:30]} 1-0

[Event "Bundesliga 1112"]
[Site "Germany"]
[Date "2011.11.19"]
[Round "4.6"]
[White "Michiels, Bart"]
[Black "Galyas, Miklos"]
[Result "1-0"]
[WhiteElo "2501"]
[BlackElo "2458"]
[Annotator "RR"]
[PlyCount "87"]
[EventDate "2011.10.14"]
[EventType "team-tourn"]
[EventRounds "15"]
[EventCountry "GER"]
[SourceTitle "CBM 146"]
[Source "ChessBase"]
[SourceDate "2012.01.18"]
[SourceVersion "1"]
[SourceVersionDate "2012.01.18"]
[SourceQuality "1"]
[WhiteTeam "Remagen"]
[BlackTeam "Trier"]
[WhiteTeamCountry "GER"]
[BlackTeamCountry "GER"]

1. d4 e6 2. c4 Bb4+ 3. Nd2 c5 4. a3 Bxd2+ 5. Qxd2 cxd4 6. Qxd4 Nf6 7. b4 Nc6 8.
Qb2 d5 9. cxd5 Qxd5 10. Nf3 O-O 11. Bg5 Ne4 12. Rd1 Qf5 13. Be3 Rd8 14. Rxd8+
Nxd8 15. g4 Qb5 16. Bg2 Nc6 17. Nd4 Qd5 18. Nxc6 bxc6 19. O-O Ba6 20. Qc2 f5
21. Rd1 Qc4 22. Qxc4 Bxc4 23. Rd7 a5 24. Bd4 axb4 25. axb4 Ra2 $2 (25... Nf6
26. Bxc6 Nxd7 $14) 26. Bxe4 $18 fxe4 27. Rxg7+ Kf8 28. Rxh7 Bxe2 29. g5 Rd2 30.
Bf6 Bf3 31. h4 e3 32. fxe3 Rg2+ 33. Kf1 Be4 34. Rh8+ Kf7 35. h5 e5 36. Rh7+ $2
(36. Rd8 Rh2 37. Rd7+) 36... Bxh7 $18 37. Kxg2 Be4+ 38. Kg3 Ke6 39. Kg4 Bc2 40.
Bg7 (40. Bd8 Bd1+ 41. Kh4) 40... Bd1+ $18 41. Kh4 Bc2 42. g6 Kf5 43. Bxe5 $1
Bd1 44. e4+ 1-0

[Event "FIDE World Cup"]
[Site "Baku"]
[Date "2015.09.29"]
[Round "6.6"]
[White "Karjakin, Sergey"]
[Black "Eljanov, Pavel"]
[Result "1/2-1/2"]
[WhiteElo "2762"]
[BlackElo "2717"]
[Annotator "Ramirez Alvarez,A"]
[PlyCount "138"]
[EventDate "2015.09.11"]
[EventType "k.o."]
[EventRounds "7"]
[EventCountry "AZE"]
[SourceTitle "CBM 169"]
[Source "ChessBase"]
[SourceDate "2015.11.10"]
[SourceVersion "1"]
[SourceVersionDate "2015.11.10"]
[SourceQuality "1"]

1. Nf3 c5 2. c4 g6 3. d4 Bg7 4. d5 d6 5. Nc3 Bxc3+ 6. bxc3 f5 7. g3 Nf6 8. Bg2
Qa5 9. Qb3 Nbd7 10. Nd2 Nb6 11. O-O Bd7 12. Re1 Qa4 13. Bf1 Ne4 14. e3 O-O-O
15. Bd3 Nxd2 16. Bxd2 e5 17. f4 e4 18. Be2 h6 19. Kf2 g5 20. h4 Rdg8 21. Rh1
gxf4 22. exf4 Rg7 23. h5 Rhg8 24. Rhg1 Qa6 25. a4 Be8 26. Be1 Nd7 27. Ke3 Nf6
28. Rh1 Qa5 29. Bf2 b6 30. Rh3 Kd8 31. Be1 Ke7 32. Bf2 Kf8 33. Be1 Re7 34. Rh1
Rgg7 35. Ra3 Kg8 36. Bf2 Kh8 37. Be1 Rg8 38. Bf2 Reg7 39. Rh3 Qa6 {Black has
obtained what must be a strategically winning position. All of his pieces are
better and White's structure is shattered. And yet Eljanov has been unable to
find a way in, and it is not easy to find at all. Karjakin, however, cracks
under pressure.} 40. Qd1 $2 Ng4+ $1 {It seems silly to give up this knight,
but Black gets to take all the pawns.} 41. Bxg4 fxg4 42. Rh1 Qxc4 43. Qe2 Qxd5
{Two pawns are two pawns.} 44. Rd1 Qe6 45. c4 Rd7 46. Rd5 Bf7 47. Be1 Qe8 48.
Rf5 Kh7 49. Bc3 Be6 50. Rf6 Rf7 51. Rg6 {Trying to create complications,
Karjakin gives away yet another pawn.} Rxg6 52. hxg6+ Kxg6 53. Ra1 h5 54. Rd1
Rd7 55. Qh2 Qd8 $2 (55... Bxc4 56. Qh4 Qd8 57. f5+ Kxf5 58. Qxh5+ Qg5+ 59.
Qxg5+ Kxg5 {is just winning for Black, but it is easy to be scared of ghosts.})
56. Ba1 d5 $2 {This move is hard to understand. He should simply take the free
pawn when he can.} (56... Bxc4 57. Qb2 {i guess this was the point of ba1, but
it comes with no threat at all.} d5 58. Qe5 d4+ $19) 57. cxd5 Rxd5 58. Qb2 Rd3+
59. Ke2 Qd4 60. Qxd4 cxd4 61. Rxd3 Bc4 62. Bxd4 exd3+ 63. Ke3 {Opposite
colored bishop endgames aren't easy, but luckily for Eljanov this one is
winning.} Kf5 64. Bc3 a5 $1 65. Be1 Ke6 (65... Bb3 66. Kxd3 Bxa4 67. Bf2 Bb5+
68. Kd4 (68. Kc3 Ke4 $19) 68... Be8 69. Kd5 b5 {and this is just over. White
will eventually have to bring back the king and let the Black king in, or he
will have to bring back the bishop after which h4 is a lethal breakthrough in
the kingside.}) 66. Bc3 Kf5 67. Be1 Kf6 68. Bd2 Kg6 69. Bc3 Kf5 $4 {Trying to
gain time, Eljanov misses the fact that this is a three-fold repetition.
Karjakin correctly claimed it and won the match.} 1/2-1/2

[Event "EU-ch 8th"]
[Site "Dresden"]
[Date "2007.04.12"]
[Round "9"]
[White "Timofeev, Artyom"]
[Black "Guseinov, Gadir"]
[Result "0-1"]
[WhiteElo "2658"]
[BlackElo "2586"]
[Annotator "Reeh,O"]
[PlyCount "95"]
[EventDate "2007.04.03"]
[EventType "swiss"]
[EventRounds "11"]
[EventCountry "GER"]
[SourceTitle "CBM 118"]
[Source "ChessBase"]
[SourceDate "2007.05.31"]
[SourceVersion "1"]
[SourceVersionDate "2007.05.31"]
[SourceQuality "1"]

1. e4 c5 2. Nf3 g6 3. d4 cxd4 4. Nxd4 Bg7 5. c4 b6 6. Nc3 Bb7 7. Be2 Nf6 8. Bf3
Qc7 9. Ndb5 Qe5 10. Be3 Nc6 11. O-O O-O 12. Rc1 Rac8 13. Nd5 d6 14. b3 Qe6 15.
Re1 h5 16. Bg5 Nh7 17. Bd2 Rfd8 18. Bc3 Qd7 19. Bxg7 Kxg7 20. Qd2 e6 21. Qb2+
Kg8 22. Nf6+ Nxf6 23. Qxf6 a6 24. Nc3 Qe7 25. e5 Qxf6 26. exf6 Na5 27. Bxb7
Nxb7 28. h4 Nc5 29. Rcd1 Rc6 30. f3 Nd7 31. Ne4 Nc5 32. Nc3 Nd7 33. Ne4 Nc5 34.
Kf2 Nxe4+ 35. Rxe4 b5 36. Ke3 d5 37. cxb5 Rc3+ 38. Kf4 axb5 39. Rb4 Rc2 40. g3
Rxa2 41. Rxb5 Re2 42. Rd3 Re8 43. Rc3 Kh7 44. Rc7 $4 {Surprisingly enough,
this winning attempt costs White the game. Dieser Gewinnversuch kostet
überraschend die Partie.} (44. g4 $11) {[%tqu "En","How would you react to
White's 44.Rc7?","The white king only has one square, the rook on b5 is
unprotected.","Think of a scenario where Black could checkmate the white king
- or use the fifth rank in his favour.","g6g5","Wow!  After this White is
suddenly left with a sad choice - losing a rook or getting checkmated!",20,
"De","Wie würden Sie auf das weiße 44.Tc7 reagieren?","Der weiße König hat nur
ein Feld, der Turm auf b5 ist ungedeckt.","Stellen Sie sich ein Szenario vor,
wo Schwarz den weißen König mattsetzt - oder die fünfte Reihe zu seinen
Gunsten nutzt.","g6g5","Wow!  Danach steht Weiß plötzlich vor einer traurigen
Wahl - Matt oder Turmverlust!",20]} 44... g5+ $1 {A real bomb - White gets
mated or loses a rook! Eine echte Bombe - Weiß wird matt oder verliert einen
Turm.} 45. Kxg5 (45. hxg5 {[%tqu "En","White's king is caught in a mating net.
Tighten it!","After the immediate 45...e5+?, the white king could escape to f5.
","","h7g6","Precisely!   Now after 46.g4 h4! there is no reasonable defence
against the threat 47...e5 mate!",10,"De","Der weiße König zappelt in einem
Mattnetz. Ziehen Sie es zu!","Nach dem sofortigen 45...e5+?, könnte der weiße
König nach f5 fliehen.","","h7g6","Genau!   Nun gibt es nach 46.g4 h4! keine
vernünftige Verteidigung mehr gegen die Drohung 47...e5 matt!",10]} Kg6 $1 46.
g4 h4 $1 {and there is no reasonable defence against the threat 47...e5 mate!
und es gibt keine vernünftige Verteidigung mehr gegen die Drohung 47...e5 matt!
}) {[%tqu "En","How can Black exploit the fifth rank?","Now there is no mate -
but Black can win a rook!","","e2e5","Yep!  Black's rook enters the fifth rank
with tempo, introducing the manoeuvre to win the white rook b5. Have you seen
how?",10,"De","Wie kann Schwarz die fünfte Reihe nutzen?","Nun gibt es kein
Matt - aber Schwarz kann einen Turm gewinnen!","","e2e5","Treffer!  Der
schwarze Turm betritt mit Tempo die fünfte Reihe und leitet so das Manöver ein,
das letztlich den weißen Turm b5 abholt.  Schon gesehen wie?",10]} 45... Re5+
$1 46. Kf4 Rf5+ {Forcing the king into a discovered attack. Zwingt den weißen
König in einen Abzugsangriff.} 47. Ke3 {[%tqu "En","","","","d5d4","",10]} d4+
$1 {The point - Black wins the rook on b5! Die Pointe - Schwarz gewinnt den
Turm b5!} 48. Kxd4 {and White resigned. und Weiß gab gleichzeitig auf.} 0-1

[Event "EU-ch 2nd"]
[Site "Ohrid"]
[Date "2001.06.09"]
[Round "8"]
[White "Neverov, Valeriy"]
[Black "Short, Nigel D"]
[Result "1/2-1/2"]
[WhiteElo "2562"]
[BlackElo "2676"]
[Annotator "Ribli,Z"]
[PlyCount "61"]
[EventDate "2001.06.01"]
[EventType "swiss"]
[EventRounds "13"]
[EventCountry "YUG"]
[SourceTitle "CBM 084"]
[Source "ChessBase"]
[SourceDate "2001.09.13"]
[SourceVersion "1"]
[SourceVersionDate "2001.09.13"]
[SourceQuality "1"]

1. d4 e6 {Als Französisch-Experte hat Short natürlich keine Angst vor 2.e4.} 2.
c4 b6 3. e4 {Das ist in der Tat die prinzipielle Erwiderung, aber der Aufbau 3.
a3 Bb7 4.Nc3 - mit der Idee d4-d5 - ist vielleicht populärer.} Bb7 4. Bd3 (4.
Nc3 Bb4) 4... Bb4+ (4... f5 $6 5. exf5 Bb4+ 6. Kf1 Nf6 7. Be2 O-O 8. c5 bxc5 9.
a3 Ba5 10. dxc5 Nd5 11. Nf3 $1 Rxf5 12. b4 Nxb4 13. axb4 Bxb4 14. Bb2 a5 $5 15.
h4 $1 {1-0 Beliavsky,A-Short,N/Groningen 1997/CBM 63/[Stohl] (46)}) (4... Nc6)
5. Bd2 Nc6 (5... Qe7) 6. Ne2 {Diese Entwicklung des Springers ist nicht
schlecht, aber 6.Nf3 ist natürlicher. Der Vorteil des Textzugs besteht darin,
dass Weiß in der Folge f2-f4 ziehen kann.} (6. d5 Bxd2+ 7. Qxd2 Ne5 8. Nc3 Nh6
9. f4 Nxd3+ 10. Qxd3 f5 11. e5 g5 12. Nge2 Qe7 13. O-O-O O-O-O {1-0 Boden,
S-Owen,J/London 1858/EXT 99 (30)}) (6. Nf3 Qf6 (6... Nh6 7. O-O Bxd2 8. Qxd2
O-O 9. Nc3 f5 10. Rad1 Qf6 11. e5 Qg6 12. d5 Ne7 13. Be2 Rac8 14. Nh4 Qe8 15.
f4 Nf7 16. Nf3 h6 17. Nd4 {1-0 Jelen,I-Praznik,A/Ljubljana 1998/EXT 99 (42)})
7. d5 $1 (7. e5 Bxd2+ 8. Qxd2 Qh6 9. Nc3 Qxd2+ 10. Kxd2 f6 11. exf6 Nxf6 12.
Rae1 O-O 13. h3 a6 {1/2-1/2 Olafsson,H-Speelman,J/Internet ICC 2000/EXT 2001 
(43)}) 7... Bxd2+ 8. Qxd2 Nce7 9. Nc3 a6 10. O-O Qh6 11. Qc2 Nf6 12. e5 (12. a4
$1 O-O (12... a5 $2 13. Nb5 Rc8 14. d6 $18) 13. a5 $16) 12... Nh5 13. Be4 {
1/2-1/2 Dautov,R-Speelman,J/Lippstadt 2000/CBM 78/[Dautov] (50)}) 6... Qf6 {
Das ist die Idee des schwarzen Spiels - nun hängt der Pd4.} 7. Bxb4 (7. e5
Bxd2+ 8. Qxd2 Qh6 9. Qxh6 Nxh6 10. Be4 O-O-O 11. Nbc3 d6 12. exd6 cxd6 13. O-O
Ne7 {0-1 Ippolito,D-Speelman,J/Internet ICC 2000/EXT 2001 (39)}) (7. d5 Bxd2+
8. Qxd2 Ne5 $11) 7... Nxb4 8. Nbc3 Nxd3+ 9. Qxd3 {Weiß hat ein ausgesprochen
starkes Zentrum, aber die schwarze Stellung ist elastisch.} a6 {Das ist ein
für solche Stellungen typischer Sicherungszug - Schwarz verhindert das
mögliche Nb5.} 10. O-O Ne7 (10... O-O-O) 11. f4 $36 {[%csl Gc4,Gd4,Ge4,Gf4]
[%mdl 4] Weiß hat großen Raumvorteil. Eine andere Frage ist, wie er hier
weiter vorgehen soll.} Qg6 {Schwarz die Rochade vorerst noch zurück und
bereitet den Zug f7-f5 vor.} (11... O-O 12. d5 $14) (11... O-O-O) 12. f5 $1 (
12. d5 f5 $5 (12... O-O-O)) 12... exf5 (12... Nxf5 $4 13. Nf4 $18) 13. Nf4 Qg5
14. exf5 {Die Diagonale des Bb7 ist zwar geöffnet, aber das weiße Figurenspiel
scheint mir gefährlicher.} O-O-O (14... Nxf5 15. Ncd5 (15. Nfd5) 15... O-O (
15... O-O-O 16. Qxf5 $18) 16. Qxf5 $18) (14... Qxf5 15. Qxf5 Nxf5 16. Nfd5 {
[%cal Rd5c7,Rc7e8,Rc7a8,Rf1f5]} Bxd5 17. Nxd5 Nxd4 18. Rae1+ Ne6 19. Nxc7+ Ke7
20. Nxa8 $16) (14... O-O 15. f6 $36) 15. Ne4 Qh6 (15... Qxf5 16. Nd5 Qe6 17.
Ng5 $18) (15... Qh4) 16. Ng3 $13 (16. c5) 16... d5 (16... g5 17. f6 gxf4 (17...
Ng6 18. Nd5 Nf4 19. Nxf4 gxf4 20. Qd2 Qxf6 21. Rxf4 $14) 18. fxe7 Rdg8 19. Qd2
Qd6 20. Qxf4 Qxe7 21. Qxf7 Qb4 22. b3 h5 $44) 17. Rac1 {[%cal Gc1c8]} (17. Rae1
Qd6) 17... g5 $2 {Meines Erachtens wäre dieser Zug zu einem früheren Zeitpunkt
stärker gewesen. Zwar führt die Partiefortsetzung auch zu Komplikationen, aber
Weiß scheint mir hier die Initiative zu behalten.} (17... Rhe8) 18. f6 {
[%mdl 64]} gxf4 (18... dxc4 19. Qxc4 Nc6 20. Nd5 $18 {[%cal Rd5e7,Re7c8]}) (
18... Qxf6 19. Nxd5 Qd6 20. Ne4 Qd7 21. Rxf7 $18) 19. fxe7 Rd7 (19... Rde8 20.
Nf5 Qg6 21. c5 $16) 20. Nf5 $16 {[%csl Gf5]} dxc4 21. Qd2 $2 (21. Rxc4 Qg5 22.
Qh3 Kb8 23. Re1 Re8 $13) (21. Qxc4 Qg6 22. Qe2 $16) 21... Qg6 22. Rxf4 $14 b5 (
22... Bd5) 23. b3 cxb3 24. axb3 Re8 25. Rc5 (25. Rc3 $5 $14 {[%cal Gc3g3,Gg3g6]
}) 25... Bd5 (25... Rd5) 26. Qc2 Kb7 $11 (26... Be6 27. Nd6+ Rxd6 28. Rxc7+ Kb8
29. Qc5 $18 {[%cal Rc5a7,Ra7b8]}) 27. b4 (27. Qf2 $11) 27... c6 $1 (27... Be6
28. Rxc7+ Rxc7 29. Nd6+ Kb8 30. Qxg6 hxg6 31. Nxe8 Rxe7 32. Nf6 $11) 28. h3 Be6
29. Qc3 (29. Qf2 $5) 29... Bd5 (29... Bxf5 30. Rcxf5 Rexe7 31. Rf6 Qb1+ 32. Kh2
Rc7 33. d5 $1 cxd5 34. Qd4 $16) 30. Qc2 Be6 31. Qc3 1/2-1/2

[Event "EU-chT (Men) 13th"]
[Site "Leon"]
[Date "2001.11.14"]
[Round "8.4"]
[White "Herraiz Hidalgo, Herminio"]
[Black "Mohr, Georg"]
[Result "0-1"]
[WhiteElo "2435"]
[BlackElo "2498"]
[Annotator "Ribli,Z"]
[PlyCount "48"]
[EventDate "2001.11.06"]
[EventType "team-swiss"]
[EventRounds "9"]
[EventCountry "ESP"]
[SourceTitle "CBM 086"]
[Source "ChessBase"]
[SourceDate "2002.02.05"]
[SourceVersion "1"]
[SourceVersionDate "2002.02.05"]
[SourceQuality "1"]
[WhiteTeam "Spain II"]
[BlackTeam "Slovenia"]
[WhiteTeamCountry "ESP"]
[BlackTeamCountry "SLO"]

1. d4 g6 2. c4 Bg7 3. Nc3 (3. e4 {Mit diesem Zug - der eigentlich die
Hauptforsetezung darstellt - kann Weiß die Variante 3...c5 4.d5 Bxc3 vermeiden.
}) 3... c5 4. d5 (4. Nf3 cxd4 5. Nxd4 Nc6 $11) 4... Bxc3+ {Diese originelle
Variante führt zu zweischneidigem taktischen Spiel. Schwarz gibt das
Läuferpaar auf, dafür sind die weißen c - Bauern auf ewig schwach.} 5. bxc3 f5
{Schwarz möchte den Zug e4 verhindern und anschließend mit Nf6 die Herrschaft
über das Feld e4 erobern.} 6. e4 {Weiß opfert einen Bauern und öffnet die
Stellung - und das ist angesichts des Läuferpaares prinzipiell eine gute Idee.}
(6. h4 Nf6 (6... Qa5 7. h5 d6 8. Qb3 gxh5 9. Nh3 Nf6 10. Nf4 Nbd7 11. Nxh5 Nxh5
12. Rxh5 Nf6 13. Rh4 Bd7 14. f3 O-O-O 15. Bg5 Rdg8 16. Bxf6 {1-0 Jussupow,
A-Nikolaidis,I/Corfu 1999/CBM 74/[Hecht] (51)}) 7. h5 Rg8 8. hxg6 hxg6 9. g4 $5
(9. Nf3 d6 10. Ng5 Qa5 11. Qb3 Nbd7 12. Bf4 {Dautov,R-Vokac,M Dortmund 1992 54/
49 [Dautov,R]} Nb6 13. e3 Bd7 14. Be2 O-O-O $15) (9. Qc2 d6 10. Nf3 Nbd7 11.
Bf4 Qa5 12. Ng5 Nb6 13. e3 Na4 14. Rc1 b5 $13) 9... fxg4 10. d6 Qa5 11. Qd3 Nc6
12. Bf4 b6 13. Bg2 Bb7 14. dxe7 d5 15. Bxd5 Nxd5 16. cxd5 c4 17. Qe3 Qxd5 18.
Rh7 g5 19. Bc7 Rg6 20. Rd1 Qe6 21. Qd2 {1-0 Bunzmann,D-Gdanski,J/Saint Vincent
2000/CBM 78 (21)}) 6... fxe4 7. h4 (7. f3 Nf6 8. fxe4 d6 9. Bd3 Nbd7 10. Nf3
Ng4 $13) 7... Qa5 {Das ist ein sehr riskanter Zug - Schwarz versucht, einen
weiteren Bauern zu erobern und vernachlässigt daher die Entwicklung (speziell
des Königsflügels).} (7... Nf6 8. h5 Rg8 9. hxg6 hxg6 10. d6 $13) 8. h5 Qxc3+
9. Bd2 Qg7 10. Rc1 $6 {[%mdl 16384] Weiß bereitet 11.Bc3 vor, aber dieser Plan
braucht Zeit. Besser wäre 10.Nh3.} (10. Ne2 $6 d6 11. Bc3 Nf6 12. Rb1 (12. Nf4
$44) 12... Nbd7 13. Ng3 Ne5 14. Be2 $2 (14. Bxe5 $1 dxe5 15. Qa4+ Bd7 16. Qa3
$13) 14... O-O {1-0 Greenfeld,A-Har Zvi,R/Israel 1997/CBM 59/[Har Zvi] (28)}) (
10. Nh3 $142 $1 d6 11. Ng5 Nf6 12. h6 Qf8 13. Bc3 $44 {Weiß hat zwar in der
Tat schon zwei Bauern weniger, aber sein positioneller Druck ist gefährlich.})
10... d6 11. Nh3 Bxh3 $1 {Schwarz entwickelt sich mit Tempo - jetzt sehen wir
den Unterschied zwischen der Partiefortsetzung (10.Rc1 d6 11.Nh3 Bxh3!) und
der oben vorgeschlagenen Variante 10.Nh3 d6 11.Ng5.} 12. Rxh3 Nf6 $15 {Schwarz
hat zwei Bauern mehr, aber die Lage ist noch nicht ganz klar, denn Weiß hat
durch das Läuferpaar etwas Initiative. Zudem muß Schwarz noch einen sicheren
Platz für seinen König finden.} (12... Nd7 $5 $17) 13. Rb1 b6 14. Be2 $2 {
Dieser schablonenhafte Entwicklungszug ist nicht die beste Möglichkeit für
Weiß.} (14. Qa4+ $1 {Weiß kann nun den Pb6 dank der Fesslung zurück gewinnen.}
Nbd7 (14... Kd8 15. Rxb6) 15. hxg6 hxg6 (15... Qxg6 {[%cal Gg6b1]} 16. Rxb6)
16. Rxh8+ Qxh8 17. Rxb6 $132) 14... Nbd7 15. Bc3 (15. hxg6 hxg6 16. Rxh8+ Qxh8
$19 {[%cal Rh8h1]}) 15... gxh5 $17 {[%mdl 1024]} 16. Qa4 {[%csl Yc6][%cal
Ra4c6]} (16. Bxh5+ Kd8 $17) 16... Kd8 $1 {[%csl Gd8] Der schwarze König
befindet sich in Sicherheit auf d8.} 17. Qc6 Rb8 (17... Rc8 $1) 18. Qa4 Ra8 (
18... Qxg2 $19) 19. Qc6 Rc8 20. Qb7 Rf8 $1 {[%cal Gf8f2,Gg7g2] Natürlich gibt
Schwarz sich nicht mit Zugwiederholung zufrieden - er hat drei Bauern und
spielt auf Gewinn. Außerdem ist es nun Schwarz, der Angriff gegen den
feindlichen König bekommt.} (20... Qxg2 $19) 21. Qxa7 $6 (21. Kf1 Qf7 $19 {
[%cal Rf6g4,Rf8f1]}) 21... Qxg2 $19 22. Bf1 Qg5 {Weiß hat keine Kompensation
für das Material, sein König befindet sich zudem in großer Not.} 23. Re3 (23.
Rg3 Ng4 $19) 23... Ng4 24. Bh3 Rxf2 0-1